| 000 | 00598nam a22002057a 4500 | ||
|---|---|---|---|
| 003 | OSt | ||
| 005 | 20140301191801.0 | ||
| 008 | 130613s1974 sp ||||| |||| 00| 0 spa d | ||
| 020 | _a8420908045 | ||
| 040 | _cCDMR | ||
| 245 | 0 | 0 |
_aWatergate _b: [historia completa del caso] _cLewis Chester... [et al.] |
| 260 |
_aBarcelona _bAymá _c1974 |
||
| 300 | _a328 p. | ||
| 490 | 0 | _aPresencia del Tiempo | |
| 650 | 0 | 4 |
_94228 _aEstats Units d'Amèrica _xPolítica i govern |
| 650 | 0 | 4 |
_9797 _aReportatges literaris |
| 650 | 0 | 4 |
_93765 _aCorrupció política |
| 700 | 1 |
_93764 _aChester, Lewis |
|
| 942 |
_2udc _cMON |
||
| 999 |
_c6456 _d6456 |
||